000 00291nam a22001337a 4500
008 170731b xxu||||| |||| 00| 0 eng d
020 _a0138758573
041 _aeng
080 _23RD
_a004
100 _a32
101 _aSHK
245 _aVISUAL BASIC 5.0
_cSCHNEIDER,D.I
942 _2udc
_cBK
999 _c22220
_d22220